Answers Contain "Bob" - Statistics

General Stats
  • This quiz has been taken 271 times
    87 since last reset
  • The average score is 8 of 15
Answer Stats
Hint Answer % Correct
Also known as the red lynx bobcat
95%
Mechanically steered vehicle for racing down slopes bobsled
91%
Small double-pronged clip that holds hair in place bobby pin
74%
Possibly unhygienic game played on Halloween bobbing for apples
64%
Collectible figurine with a spring (e.g. Funko) bobblehead
60%
Fan favorite Star Wars bounty hunter Boba Fett
58%
British animated children's series involving masonry Bob the Builder
58%
Nickelodeon animated series running since 1999 Spongebob Squarepants
53%
Drink with chewy tapioca pearls, from Taiwan boba tea
48%
Evil genius Simpsons character voiced by Kelsey Grammer Sideshow Bob
43%
Animated series about the Belchers, airing since 2011 Bob's Burgers
37%
In "Jingle Bells" there are bells on it bobtail
36%
1991 comedy with Bill Murray and Richard Dreyfuss What About Bob?
32%
Super Mario enemy with a wind-up key and fuse Bob-omb
30%
Cinderella song sung by the Fairy Godmother Bibbidi-Bobbidi-Boo
27%
No matching quizzes found
Score Distribution
Percent of People with Each Score
Percentile by Number Answered
Your Score History
You have not taken this quiz since the last reset